| 000 | 01535namaa22003371i 4500 | ||
|---|---|---|---|
| 005 | 20260126144158.0 | ||
| 008 | 251229s1993 ua ao||frm||| 000 0 eng d | ||
| 040 |
_aEG-GICUC _beng _cEG-GICUC _dEG-GICUC _erda |
||
| 041 | 0 |
_aeng _beng _bara |
|
| 049 | _aDeposit | ||
| 097 | _aPh.D | ||
| 099 | _aCai01.09.08.Ph.D.1993.Sa.E. | ||
| 100 | 0 |
_aSamar Hasan EL kholy, _epreparation. |
|
| 245 | 1 | 0 |
_aEffect of Periodontal Therapy on Lymphocyte Subsets in Marginal Periodontitis / _cBy Samar Hasan ELkholy; Supervised by Prof. Dr. Gamal EL Ashiry, Prof. Dr. Omaima Gohar, Prof. Dr. Nadia Mokhtar, Dr. Reda Abd El Rahman. |
| 246 | 1 | 5 | _aتاثير علاج امراض اللثة على انواع الخلايا الليمفاوية فى التهاب سمحاق السنخ الهامشى |
| 264 | 0 | _c1993. | |
| 300 |
_a131 Leaves : _billustrations ; _c30 cm. + |
||
| 336 |
_2rda content _atext |
||
| 337 |
_2rdamedia _aUnmediated |
||
| 338 |
_2rdacarrier _avolume |
||
| 502 | _aThesis (Ph.D)-Cairo University, 1993. | ||
| 504 | _aBibliography: pages 104-131 | ||
| 653 | 0 |
_aLymphocytes _aPeriodontal Therapy |
|
| 700 | 0 |
_aGamal EL Ashiry _ethesis advisor. |
|
| 700 | 0 |
_aOmaima Gohar _ethesis advisor. |
|
| 700 | 0 |
_aNadia Mokhtar _ethesis advisor. |
|
| 700 | 0 |
_aReda Abd El Rahman _ethesis advisor. |
|
| 900 |
_DDepartment of Oral Medicine _FFaculty of Oral and Dental Medicine. _UCairo University _b1993 _cGamal EL Ashiry _cOmaima Gohar _cNadia Mokhtar _cReda Abd El Rahman |
||
| 905 |
_aNermeen-A _eNourhan |
||
| 942 |
_2ddc _cTH _e21 _n0 |
||
| 999 | _c177153 | ||